000 01103 a2200325 4500
003 OSt
005 20180116192339.0
008 120524t xxu||||| |||| 00| 0 eng d
020 _a0769726712 (dvd)
024 1 _a032031267190
028 4 2 _a032031267190
_bKultur Video
040 _c0
082 _a759.6
245 1 0 _aSalvador dali
_h[videorecording] /
_cDPM.
260 _aUSA :
_bKultur Video,
_c2004.
300 _a1 videodisc (50 min.) :
_bsd., col ;
_c4 3/4 in.
490 1 _aArtists of the 20th century.
511 1 _aStarring DPM.
520 _aARTISTS OF THE 20TH CENTURY:SALVADOR - DVD Movie.
538 _aColor, DVD, NTSC.
600 _aDalí, Salvador
_d 1904-1989
_91876
650 0 _aArt, Modern
_91877
650 0 _aPainting, Spanish
_91878
650 0 _aBiographical films
_zSpain
_91879
700 1 _aDPM.
_91880
830 0 _aArtists of the 20th century.
_91881
856 4 0 _3Amazon.com
_uhttp://www.amazon.com/exec/obidos/ASIN/B0001L3LRW/chopaconline-20
942 _aSADA
_cCDS
_kCD 759.6 SAL 2004
_2ddc
999 _c352605
_d352605